000 00629nam a2200217Ia 4500
001 3211
003 GE_BSU
008 181216s||||||||xx |||||||||||||| ||und||
040 _cGE_BSU
080 _a338.5(075.8
245 _aЭкономика массового машиностроения
245 _bУчебное пособие для машиностр.спец.вузов
245 _cПод.Ред.Б.В.Власова,Г.Б.Каца
260 _aМ
260 _bВысш. школа
260 _c1984
300 _a319 стр.
300 _bилл.
653 _aМашиностроение
942 _cBK
999 _c37252
_d37252